| 000 | 01287cam a22003497a 4500 | ||
|---|---|---|---|
| 003 | CHAP | ||
| 005 | 20220817043836.0 | ||
| 008 | 020531d 1999mx d r 00110 spa d | ||
| 010 | _a85828 | ||
| 011 | _a86800 | ||
| 035 | _a97340 | ||
| 040 | _cCHAP | ||
| 090 | _aFolleto 16440 | ||
| 100 | 0 | 0 |
_aVázquez Ochoa, Roberto Ismael. _9120456 |
| 245 | 1 | 0 |
_aEvaluación nacional del programa de agricultura sostenible y reconversión productiva _c/coord. por Roberto Vázquez Ochoa |
| 260 |
_aMexico, D.F. : _bSecretaría de Agricultura, Ganadería y Desarrollo Rural, _c1999- |
||
| 300 |
_av. : _bgráfs. ; cuadros |
||
| 500 | _aLa biblioteca tiene: 1999 | ||
| 590 |
_aBATCH-UPD _b10 _c20130110 _lUCH01 _h1008 |
||
| 590 |
_aBATCH-UPD _b10 _c20130410 _lUCH01 _h0617 |
||
| 590 |
_aBATCH-UPD _b10 _c20130913 _lUCH01 _h2223 |
||
| 590 |
_aCONVERSION _b10 _c20130109 _lUCH01 _h1348 |
||
| 650 | 1 | 4 | _aAgricultura sustentable. |
| 650 | 1 | 4 |
_aAgricultura _zMéxico. _91932 |
| 650 | 1 | 4 |
_aPolítica agrícola _zMéxico. |
| 901 | _aBK | ||
| 905 | _aMarco A. Mendoza T. | ||
| 942 | _cFOLL | ||
| 949 |
_aFolleto 16440 (1999) _bBC _cFOLL _d973401 _eTS1 _i97340 _sb |
||
| 949 |
_aFolleto 16440 (1999) _bBC _cFOLL _d973402 _eTS2 _fc.2 _i97340 _sb |
||
| 949 |
_aFolleto 16440 (1999) _bBC _cUACH _d973403 _eUACH _fc.3 _i97340 _sb |
||
| 999 |
_c85828 _d85828 |
||